000
00244nam a22001217a 4500
020
_a
9780593078754
082
_a
813 BRO
100
_a
Brown, Dan
_9
9885
245
_a
Origin
260
_a
LONDON
_b
BANTAM
_c
2017
300
_a
461P
942
_c
BK
999
_c
576615
_d
576615